00593cam a22001577a 4500008004000000082001800040100002000058245004100078260005100119300001300170440002200183500008700205650003400292999001900326952009000345180718b1952 xxu||||| |||| 00| 0 eng d aI5516x73 In8c aSure, Ellen St. aTVA ammonia plantcby Ellen St. Sure aNew YorkbPolygraphic Company of Americac1952 a394-444p aOPAC case studies aInter-university case program: cases in public administration and policy formation aInter-university case program c500380d500380 00104070aIIPAbIIPAd2018-08-04oI5516x73 In8cpGR4922r2018-08-04w2018-08-04yGR